000 01468 a2200217 4500
001 18208
005 20260407155459.0
008 260407a2010 arg spa d
003 AR-UNSa-BCEJYS
040 _aAR-UNSa-BCEJYS
_bspa
_cAR-UNSa-BCEJYS
080 _a340.12
_xTendencias en la teoría del derecho. Escuelas, doctrinas jurídicas. Filosofía del derecho. Teorías sobre el Estado y el derecho
245 1 0 _aEnsayos jurídicos sobre teoría del derecho
020 _a978-987-03-1707-4
264 1 _aBuenos Aires :
_bUniversidad de Buenos Aires. Facultad de Derecho. Departamento de Publicaciones
_c2010
300 _axx, 228 p.
_c24 cm.
505 _a1. Diagnóstico de la eficacia del derecho en Colombia - 2. Nuevos paradigmas científicos y su incidencia en la investigación jurídica - 3. Una aproximación histórico-filosófica al pensamiento de David Hume: sus ideas acerca de la justicia, la propiedad y lo judicial - 4. El culto a la muerte y al fuego como un referente comprensivo de la cultura y del derecho: análisis de un ejemplo; 5. Buscando el gris entre dos teorías del derecho; 6. Recepción crítica (y parcial) de la concepción sobre sistema jurídico y razón práctica de Robert Alexy
942 _cBK
590 _aniveau_biblio:m niveau_hierar:0
100 1 _aBotero Bernal, Andrés
856 4 1 _uhttps://biblioeco.unsa.edu.ar/pmb/images/libros/Ensayos Juridicos sobre teoria del derecho2-l117904.jpg
_yImagen de portada
_qimage/jpeg
999 _c727
_d727